000 00957nam0a22002291i 4500
001 rc\4290295
005 20240724141952.0
021 _aRU
_b[68-26479]
035 _a(NLR Aleph) 008252323
090 _a8343990
_c8343990
100 _a20130416d1968 |||y0rusy50 ca
101 0 _arus
102 _aRU
105 _ay d |||||
200 1 _aСоциальные проблемы женского труда в промышленности
_e(По материалам социол. исследований на предприятиях Свердл. и Челяб. обл.)
_eАвтореферат дис. на соискание учен. степени канд. филос. наук
_e(621)
_fУральский гос. ун-т им. А.М. Горького
210 _aСвердловск
_d1968
215 _a20 с.
700 1 _aБрова
_bС.В.
801 0 _aRU
_bNLR
_gpsbo
801 1 _aRU
_bELAR
_2rusmarc
852 _aNLR
_j68-4/12519
942 _cBOOK